000 00367nam a2200145Ia 4500
008 230917s9999||||xx |||||||||||||| ||und||
040 _e131476
_aMAIN
041 _aEnglish
082 _a658 C349M
100 _aChakraborty S.K.
245 0 _aManagement by objectives: an integral approach
260 _aDelhi
_bMacmillan
_c1980
300 _a396p p.
942 _cBK
999 _c217691
_d217691